000 00345nam a22001457a 4500
020 _a81-7808-844-4
041 _aENG
100 _aJohnson.C.D
245 _aProcess Control Instrumentation Technology
250 _aSeventh Edition
260 _aSingapore
_bPearson Education
_c2003
300 _a694
650 _aM.Tech
856 _uM.Tech ( 7 )
999 _c1082
_d1082